| 000 | 00668nam a2200217 a 4500 | ||
|---|---|---|---|
| 001 | 000010437 | ||
| 005 | 20240412074218.0 | ||
| 008 | 091007s1984 dr a 000 p spa d | ||
| 040 |
_aDO-SdBNP _bspa _cBNPHU |
||
| 082 |
_aRD861.44 _bJ61ca |
||
| 100 | 1 |
_aJiménez, Blas R. _918874 |
|
| 245 | 1 | 0 |
_aCaribe africano en despertar / _cBlas R. Jiménez. |
| 260 |
_aSanto Domingo : _bNuevas Rutas, _c1984. |
||
| 300 |
_a89 p. : _bil. ; _c22 cm. |
||
| 490 | 1 |
_aCimarrones ; _v1 |
|
| 590 | _aInventariado, 2018/LP | ||
| 650 | 0 |
_aPoesía dominicana _966 |
|
| 650 | 0 |
_aLiteratura dominicana. _967 |
|
| 830 | 0 |
_aCimarrones ; _n1 _925444 |
|
| 910 | _aValidado. Control de calidad MFF | ||
| 999 |
_c10196 _d10196 |
||